000 00713nam a22002177a 4500
003 UA-OsUOA
001 102594
007 ta
008 20130926b un ||||| |||| 00| 0 ukr d
100 _aЛесик О.
090 _a82
_bЛ50
942 _cSA
040 _aUA-OsUOA
_bukr
_cUA-OsUOA
_dUA-OsUOA
245 _aГригорій Сковорода. "Сад божественних пісень", "Байки Харківські". 9-й клас
300 _aС.14-17
955 _a0
041 _aukr
080 _a82
773 0 _w102591
_tУкраїнська мова та література
_dК.
_d2013
_g14
650 7 _a82 Література. Літературознавство
_2UDC
999 _c388831
_d388831